A garden of unearthly delights bioengineering and the future of food

Gardado en:
Detalles Bibliográficos
Autor Principal: MATHER, Robin
Formato: Libro
Idioma:inglés
Publicado: Penguin Books, 1995
Tags: Engadir etiqueta
Sen Etiquetas, Sexa o primeiro en etiquetar este rexistro!

MARC

LEADER 00000nam a22000007a 4500
008 210419b ||||| |||| 00| 0 eng d
020 |a : 0-06-093824-2 
100 |a MATHER, Robin 
245 |a A garden of unearthly delights  |b bioengineering and the future of food  |c Robin Mather 
260 |b Penguin Books,  |c 1995  |h New York  |i 693902  |l S494.5 .B563M42  |m Hispanic Americans – Social conditions.  |m Mexican Americans – Social condition  |m Latin Americans – United States  |m United States – Civilization – Hispanic influences  |m United States – Ethnic relations  |m . United States – Emigration and immigration 
500 |a :“It includes references and index” 
942 |a lcc  |c BK  |e Mr ogunleye  |f 19/4/2021 
952 |0 0  |1 0  |2 lcc  |4 0  |6 S04945 B563 M42  |7 0  |9 2172  |a HOL  |b HOL  |d 2021-04-19  |l 0  |o S494.5 .B563M42  |p 2021-6026  |r 2021-04-19 00:00:00  |w 2021-04-19  |y BK 
999 |c 1130  |d 1130